| 000 | 00659cam a22002053a 4500 | ||
|---|---|---|---|
| 001 | 38557 | ||
| 003 | PGUSA | ||
| 005 | 20140828083842.0 | ||
| 008 | 120112s2012||||xxu|||||s|||||000 | eng d | ||
| 040 |
_aPGUSA _beng |
||
| 042 | _adc | ||
| 100 | 1 | _aRoss, Lady Mary | |
| 245 | 1 | 0 |
_a"Granny's Chapters" (on scriptural subjects) : _bThe New Testament, with a Sketch of the Subsequent History of the Jews. _h[electronic resource] / _cLady Mary Ross |
| 260 |
_bProject Gutenberg, _c2012 |
||
| 506 | _aPublic domain in the USA. | ||
| 516 | _aElectronic text | ||
| 830 | 0 |
_aProject Gutenberg _v38557 |
|
| 856 | 4 | 0 | _uhttp://www.gutenberg.org/ebooks/38557 |
| 942 | _cEB | ||
| 999 |
_c267811 _d267811 |
||